| 000 | 00467nam a2200193Ia 4500 | ||
|---|---|---|---|
| 008 | 210210b1944 xxu||||| |||| 00| 0 eng d | ||
| 082 | _a909 DURS | ||
| 100 | _aDURANT (Will) | ||
| 245 | _aStory of civilization P9: The age of Voltaire | ||
| 260 |
_aN D _bSimon & Schuster _c1944 |
||
| 300 | _axviii,898 | ||
| 650 | _aStory | ||
| 650 | _aP9 | ||
| 650 | _aof | ||
| 650 | _acivilization | ||
| 690 | _aWorld History | ||
| 700 | _aDURANT (Ariel) | ||
| 906 | _a027431 | ||
| 999 |
_c78719 _d78719 |
||